Normal view
MARC view
- تاليف عمايرة،اسماعيل أحمد
Entry Personal Name
001 - CONTROL NUMBER
- control field: 8280
003 - CONTROL NUMBER IDENTIFIER
- control field: JO-AjAnu
005 - DATE AND TIME OF LATEST TRANSACTION
- control field: 20230606071633.0
008 - FIXED-LENGTH DATA ELEMENTS
- fixed length control field: 230606|| aca||aabn | a|a d
040 ## - CATALOGING SOURCE
- Original cataloging agency: JO-AjAnu
- Transcribing agency: JO-AjAnu
100 ## - HEADING--PERSONAL NAME
- Personal name: تاليف عمايرة،اسماعيل أحمد
670 ## - SOURCE DATA FOUND
- Source citation: Work cat.: (JO-AjAnu)4276: تاليف عمايرة،اسماعيل أحمد, author, ظاهرة التأنيث بين اللغة العربية واللغات السامية دراسة لغوية تأصيلية